Normal view
MARC view
- Sayed Qaiser Ali Shah
Entry Personal Name
001 - CONTROL NUMBER
- control field: 100265
003 - CONTROL NUMBER IDENTIFIER
- control field: NUST
005 - DATE AND TIME OF LATEST TRANSACTION
- control field: 20221014095643.0
008 - FIXED-LENGTH DATA ELEMENTS
- fixed length control field: 221014|| aca||aabn | a|a d
040 ## - CATALOGING SOURCE
- Original cataloging agency: NUST
- Transcribing agency: NUST
100 ## - HEADING--PERSONAL NAME
- Personal name: Sayed Qaiser Ali Shah
670 ## - SOURCE DATA FOUND
- Source citation: Work cat.: (NUST)13315: Sayed Qaiser Ali Shah, Qos for real-time applications using openflow in wireless network, 2015
